Harry Potter noms et images - Statistiques

Statistiques générales
  • Ce quiz a été pris 49 fois
  • Le résultat moyen est 25 sur 44
Statistiques - réponses
Par images Réponse % Correct
Ron
100%
Dobby
77%
Harry
77%
Hermione
74%
Mère d’Hermione
74%
Minerva
74%
Père d’Hermione
74%
Voldemort
74%
Albus
72%
Fleur
72%
Remus
72%
Bellatrix
69%
Cedric
69%
Cho
69%
Hedwige
69%
James
69%
Lily
69%
Sirius
69%
Lucius
67%
Molly
67%
Neville
67%
Tom
67%
Percy
64%
Arthur
62%
Bill
56%
Gilderoy
56%
Giny
56%
Parvati
56%
Colin
54%
Rita
49%
Seamus
49%
Lavande
46%
Sibylle
46%
Horace
44%
Kingsley
41%
Padma
41%
Vincent
41%
Filius
36%
Pomona
36%
Gripsec
31%
Gabrielle
28%
Quirinus
26%
Le Baron Sanglant
23%
Rolanda
15%
Aucun quiz correspondant
Distribution des résultats
% des personnes avec chaque résultat
Percentile par nombre de réponses
Votre historique - résultats
Vous n’avez pas pris ce quiz